Complétez le titre du film avec une image - Statistiques

Statistiques générales
  • Ce quiz a été pris 1 346 fois
  • Le résultat moyen est 11 sur 12
Statistiques - réponses
Hint Réponse % Correct
____ Wars
97%
Le ____ de Wall Street
96%
L'Associé du ____
95%
Million ____ Baby
95%
Le Silence des ____
93%
La ____ de Schindler
91%
Indiana Jones et le Royaume du ____ de cristal
87%
Kill ____
87%
____ Attacks!
86%
Le nom de la ____
86%
Douze Hommes en ____
84%
M. Popper et ses ____
75%
Aucun quiz correspondant
Distribution des résultats
% des personnes avec chaque résultat
Percentile par nombre de réponses
Votre historique - résultats
Vous n’avez pas pris ce quiz